Central Library OPAC University of Rajshahi

The last battle / (Record no. 55051)

MARC details
000 -LEADER
fixed length control field 00716nam a2200241 a 4500
001 - CONTROL NUMBER
control field 55051
003 - CONTROL NUMBER IDENTIFIER
rucl marc code BD-RJUL
005 - DATE AND TIME OF LATEST TRANSACTION
control field 20211209080216.0
008 - FIXED-LENGTH DATA ELEMENTS--GENERAL INFORMATION
fixed length control field 161113s1966 nyuabch b 001 0 eng
035 ## - SYSTEM CONTROL NUMBER
System control number BD-RJUL 55173
System control number 1224401
040 ## - CATALOGING SOURCE
Original cataloging agency DLC
Transcribing agency DLC
Modifying agency DLC
Language of cataloging eng
041 ## - LANGUAGE CODE
Language code of text/sound track or separate title eng
082 00 - DEWEY DECIMAL CLASSIFICATION NUMBER
Classification number 940.5421
Edition number 23
Author mark and year RYL 1966
100 1# - MAIN ENTRY--PERSONAL NAME
Personal name Ryan, Cornelius.
9 (RLIN) 164111
245 14 - TITLE STATEMENT
Title The last battle /
Statement of responsibility, etc. Cornelius Ryan.
260 ## - PUBLICATION, DISTRIBUTION, ETC. (IMPRINT)
Place of publication, distribution, etc. New York :
Name of publisher, distributor, etc. Simon and Schuster,
Date of publication, distribution, etc. c1966.
300 ## - PHYSICAL DESCRIPTION
Pagination 571 p. :
Illustrations ill. ;
Size 24 cm.
504 ## - BIBLIOGRAPHY, ETC. NOTE
Bibliography, etc Includes bibliographical references (p. 541-551) and index.
650 #0 - SUBJECT ADDED ENTRY--TOPICAL TERM
Topical term or geographic name as entry element Berlin, Battle of Berlin,
Chronological subdivision 1945.
Geographic subdivision Germany,
9 (RLIN) 164112
942 ## - ADDED ENTRY ELEMENTS (KOHA)
Source of classification or shelving scheme Dewey Decimal Classification
Koha item type Books
Holdings
Lost status Source of classification or shelving scheme Damaged status Not for loan Collection code Permanent Location Current Location Shelving location Date acquired Source of acquisition Cost, normal purchase price Total Checkouts Full call number Date last seen Copy number Koha item type
  Dewey Decimal Classification     Non-fiction Central Library, University of Rajshahi Central Library, University of Rajshahi   21/03/1968 Paragon Enterprises Dhaka 33.75   940.5421 RYL 1966 13/11/2016 C-2 Books